[Event "LSS RB-2008-0-00006"]
[Site "LSS email"]
[Date "2008.04.13"]
[Round "?"]
[White "Holmberg, Per Arne"]
[Black "Ortiz, Eric"]
[Result "1/2-1/2"]
[WhiteElo "1908"]
[BlackElo "1910"]
[PlyCount "46"]
[EventDate "2008.03.22"]
[EventType "tourn (corr)"]
[EventRounds "6"]
[EventCountry "GER"]
[SourceTitle "Corr 2011"]
[Source "ChessBase"]
[SourceDate "2010.08.31"]
[SourceVersion "1"]
[SourceVersionDate "2010.08.31"]
[SourceQuality "1"]

1. e4 c5 2. Nf3 d6 3. c3 Nf6 4. Be2 g6 5. 0-0 Bg7 6. Qc2 0-0 7. d4 Qc7 8. h3 cxd4 9. Nxd4 a6 10. Be3 d5 11. Nd2 Rd8 12. Rad1 Nc6 13. Nxc6 bxc6 14. Rfe1 a5 15. Bg5 Bd7 16. Bf3 Rab8 17. exd5 Nxd5 18. Bxd5 cxd5 19. Bxe7 Re8 20. Ba3 Bb5 21. Rxe8+ Rxe8 22. Qc1 Bh6 23. Re1 Be2 1/2-1/2

[Event "LSS RB-2008-0-00006"]
[Site "LSS email"]
[Date "2008.04.13"]
[Round "?"]
[White "Holmberg, Per Arne"]
[Black "Pagano, Marcelo Rafael"]
[Result "1-0"]
[WhiteElo "1908"]
[BlackElo "1862"]
[PlyCount "61"]
[EventDate "2008.03.22"]
[EventType "tourn (corr)"]
[EventRounds "6"]
[EventCountry "GER"]
[SourceTitle "Corr 2011"]
[Source "ChessBase"]
[SourceDate "2010.08.31"]
[SourceVersion "1"]
[SourceVersionDate "2010.08.31"]
[SourceQuality "1"]

1. e4 e5 2. f4 Nc6 3. Nf3 f5 4. exf5 e4 5. Ne5 Nxe5 6. fxe5 Qe7 7. Qh5+ Kd8 8. Bc4 Qxe5 9. Bxg8 g6 10. Qh3 Rxg8 11. Qxh7 Rh8 12. Qxg6 d5 13. Rf1 Rxh2 14. Nc3 Bd7 15. Ne2 c6 16. d4 exd3 17. cxd3 Be8 18. Qg5+ Kd7 19. Qf4 Qxf4 20. Nxf4 Bf7 21. Kf2 Be7 22. Be3 Bf6 23. Rh1 Rah8 24. Rxh2 Rxh2 25. Bxa7 b5 26. d4 Bg5 27. Nh3 Bh4+ 28. Kg1 Bg3 29. a4 Bh5 30. axb5 cxb5 31. Bc5 1-0

[Event "IECG SI.2006.0.00052"]
[Site "IECG email"]
[Date "2006.06.08"]
[Round "?"]
[White "Grinwis, Jaap"]
[Black "Holmberg, Per Arne"]
[Result "1-0"]
[WhiteElo "1991"]
[BlackElo "1942"]
[PlyCount "55"]
[EventDate "2006.06.08"]
[EventType "tourn (corr)"]
[EventRounds "6"]
[SourceTitle "Corr 2008"]
[Source "ChessBase"]
[SourceDate "2008.06.24"]
[SourceVersion "1"]
[SourceVersionDate "2008.06.24"]
[SourceQuality "1"]

1. e4 c5 2. Nf3 Nc6 3. d4 cxd4 4. Nxd4 d5 5. Nxc6 bxc6 6. exd5 Qxd5 7. Nc3 Qxd1+ 8. Nxd1 Nf6 9. Ne3 e5 10. Nc4 e4 11. Bf4 Be6 12. Nd6+ Bxd6 13. Bxd6 Rd8 14. 0-0-0 h5 15. Be2 h4 16. Be5 Rxd1+ 17. Rxd1 Rh6 18. Rd4 Rg6 19. g3 Ng4 20. Rxe4 f5 21. Bxg4 fxe4 22. Bh5 Kf7 23. gxh4 Bg4 24. Bxg6+ Kxg6 25. Kd2 Bf3 26. Ke3 Kf7 27. Kd4 g6 28. Bb8 1-0

[Event "IECG WC.2005.F.00004 email"]
[Site "IECG email"]
[Date "2006.06.05"]
[Round "?"]
[White "Fages, Jorge Juan"]
[Black "Holmberg, Per Arne"]
[Result "1/2-1/2"]
[WhiteElo "1936"]
[BlackElo "1942"]
[PlyCount "52"]
[EventDate "2006.06.05"]
[EventType "tourn (corr)"]
[EventRounds "14"]
[SourceTitle "Corr 2008"]
[Source "ChessBase"]
[SourceDate "2008.06.24"]
[SourceVersion "1"]
[SourceVersionDate "2008.06.24"]
[SourceQuality "1"]

1. d4 Nf6 2. c4 e6 3. Nf3 b6 4. g3 Bb4+ 5. Bd2 Bxd2+ 6. Qxd2 Ba6 7. b3 0-0 8. Nc3 Nc6 9. Bg2 d5 10. Ne5 Qd6 11. Nxc6 Qxc6 12. g4 Ne4 13. Nxe4 dxe4 14. g5 Rad8 15. Qe3 Bb7 16. 0-0 Rd6 17. c5 Rd7 18. Rac1 b5 19. Rfd1 Rfd8 20. Rd2 b4 21. f4 f5 22. Rcd1 a5 23. Qh3 Qa6 24. Bf1 Bd5 25. e3 Qc6 26. Rb1 Rf8 1/2-1/2

[Event "IECG WC.2005.F.00004 email"]
[Site "IECG email"]
[Date "2006.06.05"]
[Round "?"]
[White "Holmberg, Per Arne"]
[Black "Sanchez Carol, Jesus"]
[Result "1-0"]
[WhiteElo "1942"]
[BlackElo "1793"]
[PlyCount "109"]
[EventDate "2006.06.05"]
[EventType "tourn (corr)"]
[EventRounds "14"]
[SourceTitle "Corr 2008"]
[Source "ChessBase"]
[SourceDate "2008.06.24"]
[SourceVersion "1"]
[SourceVersionDate "2008.06.24"]
[SourceQuality "1"]

1. e4 c5 2. f4 e6 3. Nf3 Nf6 4. Nc3 Nc6 5. Bb5 d5 6. e5 Ng4 7. 0-0 Bd7 8. f5 Be7 9. d3 d4 10. fxe6 Bxe6 11. Bxc6+ bxc6 12. Ne4 0-0 13. Qe2 Qb8 14. c4 Bd7 15. Bf4 Qb7 16. h3 f5 17. exf6 Nxf6 18. Nd6 Bxd6 19. Bxd6 Rfe8 20. Qd2 Qb6 21. Qg5 h6 22. Qxc5 Qxb2 23. Nxd4 Qb6 24. Rab1 Qxc5 25. Bxc5 a5 26. Rb7 Rab8 27. Ra7 Ra8 28. Rxa8 Rxa8 29. Rb1 Be8 30. Nf3 a4 31. Rb7 Nd7 32. Bd6 c5 33. Nd2 Rc8 34. Ne4 Rc6 35. Be7 Ne5 36. Nxc5 Bg6 37. d4 Nxc4 38. Nxa4 Ra6 39. Nc3 Bd3 40. Rc7 Na3 41. d5 Nb5 42. Nxb5 Bxb5 43. a3 Ra4 44. Rb7 Be8 45. Bc5 Rc4 46. Bb4 Rd4 47. d6 Bc6 48. Rc7 Bb5 49. Kf2 Rf4+ 50. Ke3 Rf7 51. Kd4 Ba4 52. Kc5 g5 53. g4 Kg7 54. Rxf7+ Kxf7 55. Kb6 1-0

[Event "IECG WC.2005.F.00004 email"]
[Site "IECG email"]
[Date "2006.06.05"]
[Round "?"]
[White "Holmberg, Per Arne"]
[Black "Vyt, Johan"]
[Result "1-0"]
[WhiteElo "1942"]
[BlackElo "1800"]
[PlyCount "91"]
[EventDate "2006.06.05"]
[EventType "tourn (corr)"]
[EventRounds "14"]
[SourceTitle "Corr 2008"]
[Source "ChessBase"]
[SourceDate "2008.06.24"]
[SourceVersion "1"]
[SourceVersionDate "2008.06.24"]
[SourceQuality "1"]

1. e4 c5 2. Nf3 d6 3. c3 Qa5 4. Be2 Nc6 5. 0-0 Nf6 6. d3 g6 7. Be3 Bg7 8. Nbd2 0-0 9. d4 cxd4 10. Nxd4 Qc7 11. f4 Rd8 12. a4 a6 13. Bf3 Rb8 14. Qe2 Re8 15. b4 Bd7 16. a5 Nd8 17. Nc4 Ng4 18. Nb6 Qxc3 19. Nd5 Nxe3 20. Nxc3 Bxd4 21. Qd3 Ne6 22. f5 Nxf1+ 23. Kxf1 Bb5 24. Nxb5 Bxa1 25. fxe6 axb5 26. exf7+ Kxf7 27. e5 Bxe5 28. Bxb7 e6 29. a6 Re7 30. Qxb5 d5 31. h4 Rc7 32. Qb6 Kf6 33. b5 d4 34. g4 h6 35. Qa5 Rcxb7 36. axb7 Rxb7 37. Qd8+ Kf7 38. b6 Rb8 39. Qd7+ Kf6 40. Ke2 Ra8 41. Qh7 Ra2+ 42. Kd1 Ra1+ 43. Kc2 Ra2+ 44. Kb3 Ra5 45. Qxh6 Bd6 46. h5 1-0

[Event "IECG WC.2005.F.00004 email"]
[Site "IECG email"]
[Date "2006.06.05"]
[Round "?"]
[White "Malmstroem, Jan"]
[Black "Holmberg, Per Arne"]
[Result "1-0"]
[WhiteElo "1970"]
[BlackElo "1942"]
[PlyCount "37"]
[EventDate "2006.06.05"]
[EventType "tourn (corr)"]
[EventRounds "14"]
[SourceTitle "Corr 2008"]
[Source "ChessBase"]
[SourceDate "2008.06.24"]
[SourceVersion "1"]
[SourceVersionDate "2008.06.24"]
[SourceQuality "1"]

1. e4 e5 2. Nf3 Nc6 3. Bc4 Nf6 4. Ng5 d5 5. exd5 Nxd5 6. d4 exd4 7. 0-0 f6 8. Re1+ Be7 9. Nc3 dxc3 10. Bxd5 fxg5 11. Bxg5 cxb2 12. Bxc6+ bxc6 13. Qxd8+ Kxd8 14. Bxe7+ Ke8 15. Ba3+ Kf7 16. Re7+ Kf6 17. Rb1 Rd8 18. Rxc7 Rd2 19. Bxb2+ 1-0

[Event "IECG WC.2005.F.00004 email"]
[Site "IECG email"]
[Date "2006.06.05"]
[Round "?"]
[White "Pott, Brian"]
[Black "Holmberg, Per Arne"]
[Result "1-0"]
[WhiteElo "1861"]
[BlackElo "1942"]
[PlyCount "77"]
[EventDate "2006.06.05"]
[EventType "tourn (corr)"]
[EventRounds "14"]
[SourceTitle "Corr 2008"]
[Source "ChessBase"]
[SourceDate "2008.06.24"]
[SourceVersion "1"]
[SourceVersionDate "2008.06.24"]
[SourceQuality "1"]

1. e4 e5 2. Nf3 Nc6 3. Bb5 a6 4. Ba4 Bc5 5. 0-0 Nf6 6. c3 0-0 7. d4 Bb6 8. Bg5 h6 9. Bh4 exd4 10. Qc1 g5 11. Nxg5 Nxe4 12. Nf3 Qe8 13. Qxh6 Qe6 14. Qf4 d5 15. Bxc6 bxc6 16. Nxd4 Qd6 17. Qxd6 Nxd6 18. Nxc6 Nf5 19. Bf6 Re8 20. Nb4 Bb7 21. Nd2 Re6 22. Bg5 Rae8 23. Nd3 c5 24. Nf4 Rd6 25. Nh5 Bd8 26. Bxd8 Rexd8 27. Nb3 c4 28. Na5 Ba8 29. Rfe1 Ng7 30. Ng3 Rb6 31. Rab1 Ne6 32. Nf5 Ng7 33. Nd4 Rc8 34. b4 cxb3 35. Rxb3 Rxb3 36. Naxb3 Rxc3 37. Re7 Rc4 38. Ra7 Bc6 39. Rxa6 1-0

[Event "IECG WC.2005.F.00004 email"]
[Site "IECG email"]
[Date "2006.06.05"]
[Round "?"]
[White "Zednik, Martin"]
[Black "Holmberg, Per Arne"]
[Result "0-1"]
[WhiteElo "1782"]
[BlackElo "1942"]
[PlyCount "80"]
[EventDate "2006.06.05"]
[EventType "tourn (corr)"]
[EventRounds "14"]
[SourceTitle "Corr 2008"]
[Source "ChessBase"]
[SourceDate "2008.06.24"]
[SourceVersion "1"]
[SourceVersionDate "2008.06.24"]
[SourceQuality "1"]

1. e4 e5 2. Nf3 Nc6 3. Bb5 a6 4. Ba4 Nf6 5. 0-0 Nxe4 6. d4 b5 7. Bb3 d5 8. dxe5 Be6 9. c3 Bc5 10. Nbd2 0-0 11. Bc2 f5 12. Nb3 Bb6 13. Nfd4 Nxd4 14. Nxd4 Qe8 15. a4 c5 16. Ne2 b4 17. cxb4 cxb4 18. Bf4 a5 19. Nd4 Rd8 20. Rc1 Bf7 21. Nb5 Bh5 22. Qd3 g5 23. Be3 Bxe3 24. Qxe3 Qxe5 25. Nd4 f4 26. Qd3 f3 27. g3 Bg6 28. Qe3 Rde8 29. Rfd1 Qg7 30. Bxe4 Rxe4 31. Qd2 Qd7 32. Kh1 Qh3 33. Rg1 Rfe8 34. Rc7 Qg4 35. Nb5 R8e5 36. Qc1 Qh3 37. Qf1 Qxf1 38. Rxf1 Re1 39. Rc8+ Kg7 40. Rc7+ Kh6 0-1

[Event "IECG CB.2006.0.00152 email"]
[Site "IECG email"]
[Date "2006.03.05"]
[Round "?"]
[White "Horton, Justin"]
[Black "Holmberg, Per Arne"]
[Result "0-1"]
[WhiteElo "1831"]
[BlackElo "1942"]
[PlyCount "52"]
[EventDate "2006.03.05"]
[EventType "tourn (corr)"]
[EventRounds "6"]
[SourceTitle "Corr 2008"]
[Source "ChessBase"]
[SourceDate "2008.06.24"]
[SourceVersion "1"]
[SourceVersionDate "2008.06.24"]
[SourceQuality "1"]

1. Nf3 Nc6 2. d4 d5 3. c4 Bg4 4. Nc3 e6 5. Bf4 Bb4 6. e3 dxc4 7. Bxc4 Nf6 8. Rc1 0-0 9. h3 Bh5 10. 0-0 Ne7 11. Qe2 c6 12. Rfd1 Ned5 13. Be5 Bxc3 14. Bxd5 exd5 15. bxc3 Ne4 16. c4 Ng5 17. cxd5 Qxd5 18. e4 Nxe4 19. g4 Bg6 20. Nh4 Rfe8 21. f3 Ng5 22. Rc5 Qd7 23. Qf1 f6 24. Nxg6 hxg6 25. Bg3 Re3 26. Qc4+ Kh7 0-1

[Event "IECG CP.2003.Q.00008 email"]
[Site "IECG email"]
[Date "2005.01.15"]
[Round "?"]
[White "Gerwert, Thomas"]
[Black "Holmberg, Per Arne"]
[Result "1-0"]
[WhiteElo "2039"]
[BlackElo "1952"]
[PlyCount "47"]
[EventDate "2005.01.15"]
[EventType "tourn (corr)"]
[EventRounds "6"]
[SourceTitle "Corr 2008"]
[Source "ChessBase"]
[SourceDate "2008.06.24"]
[SourceVersion "1"]
[SourceVersionDate "2008.06.24"]
[SourceQuality "1"]

1. d4 Nf6 2. Bg5 e6 3. e4 h6 4. Bxf6 Qxf6 5. Nf3 g6 6. Nc3 Bg7 7. Qd2 0-0 8. 0-0-0 Nc6 9. e5 Qe7 10. Qf4 d6 11. Ne4 Nxd4 12. Rxd4 dxe5 13. Nxe5 g5 14. Qg3 f5 15. Rc4 b5 16. Rc3 fxe4 17. Ng6 Qe8 18. Nxf8 Bxc3 19. Qxc3 Qxf8 20. h4 Qxf2 21. Bxb5 c5 22. Rf1 Qd4 23. Qg3 Bb7 24. hxg5 1-0

[Event "IECG CP.2003.Q.00008 email"]
[Site "IECG email"]
[Date "2005.01.15"]
[Round "?"]
[White "Holmberg, Per Arne"]
[Black "Lannaioli, Alfonsino"]
[Result "1/2-1/2"]
[WhiteElo "1952"]
[BlackElo "2058"]
[PlyCount "63"]
[EventDate "2005.01.15"]
[EventType "tourn (corr)"]
[EventRounds "6"]
[SourceTitle "Corr 2008"]
[Source "ChessBase"]
[SourceDate "2008.06.24"]
[SourceVersion "1"]
[SourceVersionDate "2008.06.24"]
[SourceQuality "1"]

1. e4 e6 2. d4 d5 3. Nd2 Nf6 4. Bd3 c5 5. e5 Nfd7 6. c3 Nc6 7. Ne2 cxd4 8. cxd4 f6 9. exf6 Nxf6 10. 0-0 Bd6 11. Nf3 0-0 12. Ng3 Qb6 13. a3 e5 14. dxe5 Nxe5 15. Be2 Neg4 16. b4 a5 17. Bb2 axb4 18. Bd4 Qd8 19. axb4 Rxa1 20. Qxa1 Bxb4 21. Bd3 Bd6 22. h3 Nh6 23. Qb1 Kh8 24. Re1 Qc7 25. Ne2 Ne4 26. Bxe4 dxe4 27. Qxe4 Bd7 28. Be5 Nf7 29. Bxd6 Nxd6 30. Qb4 Re8 31. Rc1 Bc6 32. Ned4 1/2-1/2

[Event "IECG CP.2003.Q.00008 email"]
[Site "IECG email"]
[Date "2005.01.15"]
[Round "?"]
[White "Holmberg, Per Arne"]
[Black "Van de Peut, Aart A"]
[Result "1-0"]
[WhiteElo "1952"]
[BlackElo "1745"]
[PlyCount "69"]
[EventDate "2005.01.15"]
[EventType "tourn (corr)"]
[EventRounds "6"]
[SourceTitle "Corr 2008"]
[Source "ChessBase"]
[SourceDate "2008.06.24"]
[SourceVersion "1"]
[SourceVersionDate "2008.06.24"]
[SourceQuality "1"]

1. e4 e6 2. d4 d5 3. Nd2 c5 4. Ngf3 cxd4 5. Nxd4 Nf6 6. e5 Nfd7 7. N2f3 Nc6 8. Bf4 Qb6 9. Nb3 Qb4+ 10. Qd2 Qxd2+ 11. Nbxd2 Bc5 12. Bd3 0-0 13. Bg3 f6 14. exf6 gxf6 15. c4 Nde5 16. Be2 d4 17. Nxe5 Nxe5 18. 0-0-0 Nd7 19. f4 e5 20. Rhf1 a5 21. fxe5 fxe5 22. Ne4 Rxf1 23. Rxf1 Ra6 24. Nxc5 Nxc5 25. Bxe5 Bg4 26. Bxg4 Nd3+ 27. Kc2 Nxe5 28. Bf3 Nxf3 29. Rxf3 Rh6 30. Rg3+ Kf7 31. Rh3 Rg6 32. Rxh7+ Kg8 33. Rxb7 Rxg2+ 34. Kd3 Rxh2 35. c5 1-0

[Event "IECG CP.2003.Q.00008 email"]
[Site "IECG email"]
[Date "2005.01.15"]
[Round "?"]
[White "Percze, Janos"]
[Black "Holmberg, Per Arne"]
[Result "1-0"]
[WhiteElo "2353"]
[BlackElo "1952"]
[PlyCount "77"]
[EventDate "2005.01.15"]
[EventType "tourn (corr)"]
[EventRounds "6"]
[SourceTitle "Corr 2008"]
[Source "ChessBase"]
[SourceDate "2008.06.24"]
[SourceVersion "1"]
[SourceVersionDate "2008.06.24"]
[SourceQuality "1"]

1. e4 e5 2. Nf3 Nc6 3. d4 exd4 4. Nxd4 Bc5 5. Nxc6 bxc6 6. Bd3 Nf6 7. 0-0 d6 8. Nc3 Ng4 9. h3 Ne5 10. Na4 Bb6 11. Be2 0-0 12. c4 Nd7 13. b3 Re8 14. Bg4 Nf6 15. Bf3 Nxe4 16. c5 Ba5 17. Qd4 Qe7 18. Bb2 f5 19. b4 dxc5 20. Nxc5 Nxc5 21. bxa5 Ne4 22. Rac1 Bd7 23. Rfe1 Rab8 24. Bxe4 fxe4 25. Rxe4 Qg5 26. Rxe8+ Bxe8 27. a6 Qe7 28. Ba1 Rb6 29. a4 c5 30. Rxc5 Re6 31. Qc4 Bf7 32. Qc3 Re1+ 33. Kh2 Qd6+ 34. g3 Rxa1 35. Rxc7 Re1 36. Rxf7 Kxf7 37. Qxe1 Qxa6 38. Qe4 Qb6 39. Qf4+ 1-0

[Event "CFriend SI-2004-0-00027 email"]
[Site "Chessfriend.com"]
[Date "2004.11.13"]
[Round "1"]
[White "Holmberg, Per Arne"]
[Black "Willoughby, Peter"]
[Result "1/2-1/2"]
[WhiteElo "1942"]
[BlackElo "1706"]
[PlyCount "34"]
[EventDate "2004.??.??"]
[EventType "tourn (corr)"]
[EventRounds "6"]
[SourceTitle "Corr 2008"]
[Source "ChessBase"]
[SourceDate "2008.06.24"]
[SourceVersion "1"]
[SourceVersionDate "2008.06.24"]
[SourceQuality "1"]

1. e4 e5 2. f4 exf4 3. Bc4 Nf6 4. Nc3 c6 5. d4 Bb4 6. e5 Ne4 7. Kf1 Nxc3 8. bxc3 d5 9. exd6 Bxd6 10. Qe2+ Kf8 11. Qf3 Qc7 12. Ne2 Nd7 13. Bxf4 Nf6 14. Qg3 Ne4 15. Bxd6+ Qxd6 16. Qxd6+ Nxd6 17. Bd3 Bf5 1/2-1/2

[Event "CFriend SI-2004-0-00027 email"]
[Site "Chessfriend.com"]
[Date "2004.11.13"]
[Round "1"]
[White "Marjamaki, Marko"]
[Black "Holmberg, Per Arne"]
[Result "1/2-1/2"]
[WhiteElo "2056"]
[BlackElo "1942"]
[PlyCount "61"]
[EventDate "2004.??.??"]
[EventType "tourn (corr)"]
[EventRounds "6"]
[SourceTitle "Corr 2008"]
[Source "ChessBase"]
[SourceDate "2008.06.24"]
[SourceVersion "1"]
[SourceVersionDate "2008.06.24"]
[SourceQuality "1"]

1. d4 Nf6 2. Bg5 c6 3. Bxf6 gxf6 4. c4 Qb6 5. Qd2 d5 6. e3 Rg8 7. cxd5 cxd5 8. Nc3 e6 9. Bb5+ Nc6 10. Nge2 a6 11. Ba4 f5 12. 0-0 Bd6 13. f3 Qc7 14. Bxc6+ bxc6 15. Nf4 c5 16. Rac1 c4 17. Nce2 Qb6 18. e4 dxe4 19. fxe4 Bb7 20. Ng3 fxe4 21. Rxc4 f5 22. Ngh5 Kf7 23. Qf2 Raf8 24. Nxe6 e3 25. Qxf5+ Ke7 26. Qxh7+ Kxe6 27. Ng7+ Rxg7 28. Qxg7 Rxf1+ 29. Kxf1 Qb5 30. Qg6+ Kd7 31. Qg4+ 1/2-1/2

[Event "CFriend SI-2004-0-00027 email"]
[Site "Chessfriend.com"]
[Date "2004.11.13"]
[Round "1"]
[White "Meijer, Kees"]
[Black "Holmberg, Per Arne"]
[Result "1/2-1/2"]
[WhiteElo "1742"]
[BlackElo "1942"]
[PlyCount "84"]
[EventDate "2004.??.??"]
[EventType "tourn (corr)"]
[EventRounds "6"]
[SourceTitle "Corr 2008"]
[Source "ChessBase"]
[SourceDate "2008.06.24"]
[SourceVersion "1"]
[SourceVersionDate "2008.06.24"]
[SourceQuality "1"]

1. d4 Nf6 2. c4 e6 3. g3 c5 4. Nf3 cxd4 5. Nxd4 Qb6 6. Bg2 Bc5 7. e3 0-0 8. 0-0 d5 9. cxd5 Nxd5 10. Nb3 Be7 11. Bxd5 exd5 12. Nc3 Qg6 13. Nxd5 Bd6 14. Nf4 Bxf4 15. exf4 Nc6 16. Re1 Bg4 17. f3 Rad8 18. Qe2 Be6 19. Be3 Kh8 20. Nc5 Bc8 21. Rad1 b6 22. Ne4 f5 23. Nc3 Bb7 24. Rxd8 Rxd8 25. Bf2 h6 26. Rd1 Re8 27. Qb5 Nb8 28. Rd6 Qxd6 29. Qxe8+ Kh7 30. Qf7 Bxf3 31. Qxf5+ Kg8 32. Qb5 Nd7 33. Qc4+ Kh8 34. Nb5 Qd1+ 35. Qf1 Qd2 36. Be1 Qe3+ 37. Qf2 Qd3 38. Nc3 Bb7 39. Qe2 Qd4+ 40. Bf2 Qd6 41. Kf1 a6 42. Bg1 b5 1/2-1/2

[Event "CFriend SI-2004-0-00027 email"]
[Site "Chessfriend.com"]
[Date "2004.11.13"]
[Round "1"]
[White "Pott, Brian"]
[Black "Holmberg, Per Arne"]
[Result "1/2-1/2"]
[WhiteElo "1814"]
[BlackElo "1942"]
[PlyCount "59"]
[EventDate "2004.??.??"]
[EventType "tourn (corr)"]
[EventRounds "6"]
[SourceTitle "Corr 2008"]
[Source "ChessBase"]
[SourceDate "2008.06.24"]
[SourceVersion "1"]
[SourceVersionDate "2008.06.24"]
[SourceQuality "1"]

1. e4 e6 2. d4 d5 3. Nc3 Bb4 4. e5 b6 5. Qg4 Bf8 6. Nf3 Ba6 7. Bxa6 Nxa6 8. 0-0 h6 9. a3 Ne7 10. Ne2 c5 11. Be3 Rc8 12. Rad1 Qc7 13. Rc1 Nf5 14. c4 Qd7 15. dxc5 bxc5 16. cxd5 exd5 17. Bd2 h5 18. Qh3 Ne7 19. Qxd7+ Kxd7 20. Nf4 Rh6 21. Rfd1 Rb6 22. Rc2 g6 23. Bc1 d4 24. b4 cxb4 25. Rxd4+ Ke8 26. Rxc8+ Nxc8 27. Nd5 bxa3 28. Nxb6 Nxb6 29. Kf1 Nb4 30. Bxa3 1/2-1/2

[Event "IECG CB.2004.0.00112 email"]
[Site "IECG email"]
[Date "2004.04.23"]
[Round "?"]
[White "Holmberg, Per Arne"]
[Black "Knox, Arthur"]
[Result "1-0"]
[WhiteElo "1727"]
[BlackElo "1935"]
[PlyCount "29"]
[EventDate "2004.04.23"]
[EventType "tourn (corr)"]
[EventRounds "6"]
[SourceTitle "Corr 2024"]
[Source "ChessBase"]
[SourceDate "2023.10.19"]
[SourceVersion "1"]
[SourceVersionDate "2023.10.19"]
[SourceQuality "1"]

1. e4 Nf6 2. e5 Nd5 3. Nc3 Nb6 4. d4 d6 5. Nf3 dxe5 6. Nxe5 e6 7. Bd3 Bd6 8. Qh5 Bxe5 9. Qxe5 0-0 10. Qg3 g6 11. h4 h5 12. Nb5 Nc6 13. Bxg6 fxg6 14. Qxg6+ Kh8 15. Qxh5+ 1-0

[Event "IECG CB.2004.0.00112 email"]
[Site "IECG email"]
[Date "2004.04.23"]
[Round "?"]
[White "Holmberg, Per Arne"]
[Black "Naasen, Nils"]
[Result "1/2-1/2"]
[WhiteElo "1727"]
[BlackElo "1800"]
[PlyCount "65"]
[EventDate "2004.04.23"]
[EventType "tourn (corr)"]
[EventRounds "6"]
[SourceTitle "Corr 2008"]
[Source "ChessBase"]
[SourceDate "2008.06.24"]
[SourceVersion "1"]
[SourceVersionDate "2008.06.24"]
[SourceQuality "1"]

1. e4 e5 2. f4 d5 3. exd5 exf4 4. Nf3 Nf6 5. Bc4 Nxd5 6. 0-0 Be6 7. Qe2 Be7 8. d4 0-0 9. Nc3 Nxc3 10. bxc3 Bxc4 11. Qxc4 g5 12. Qb5 b6 13. Ne5 a6 14. Qe2 Bf6 15. Qg4 Bg7 16. Ba3 Re8 17. Rae1 Bxe5 18. Rxe5 Rxe5 19. dxe5 h6 20. Re1 c5 21. Bc1 Nc6 22. Bxf4 Qd5 23. e6 Ra7 24. h4 f6 25. hxg5 fxg5 26. Bg3 Re7 27. a4 Kg7 28. Qe2 c4 29. Bf2 b5 30. axb5 axb5 31. Bb6 Kf6 32. Qf2+ Kg6 33. Qf8 1/2-1/2

[Event "IECG WC.2003.F.00007 email"]
[Site "IECG email"]
[Date "2003.12.20"]
[Round "?"]
[White "Frignani, Giorgio"]
[Black "Holmberg, Per Arne"]
[Result "1-0"]
[WhiteElo "1803"]
[BlackElo "1673"]
[PlyCount "75"]
[EventDate "2003.12.20"]
[EventType "tourn (corr)"]
[EventRounds "14"]
[SourceTitle "Corr 2008"]
[Source "ChessBase"]
[SourceDate "2008.06.24"]
[SourceVersion "1"]
[SourceVersionDate "2008.06.24"]
[SourceQuality "1"]

1. c4 e5 2. Nc3 Nf6 3. Nf3 Nc6 4. e3 Bb4 5. Qc2 0-0 6. Nd5 d6 7. Bd3 h6 8. a3 Bc5 9. b4 Bb6 10. Nxf6+ Qxf6 11. Bb2 Bg4 12. Be4 Rad8 13. 0-0 Rfe8 14. c5 dxc5 15. bxc5 Ba5 16. Bxc6 Qxc6 17. Nxe5 Rxe5 18. Bxe5 Rxd2 19. Qb1 Be2 20. Rc1 Bd3 21. Qb3 Be4 22. Qc4 a6 23. Rd1 b5 24. Qf1 Qxc5 25. Rxd2 Bxd2 26. Bd4 Qg5 27. Rd1 Ba5 28. f3 Bg6 29. Rc1 Bd2 30. Rc5 Bxe3+ 31. Kh1 Qxc5 32. Bxc5 Bxc5 33. Qc1 Bd6 34. Qc6 Bxa3 35. Qxa6 b4 36. Qc4 Bf5 37. Qxc7 g6 38. Kg1 1-0

[Event "IECG WC.2003.F.00007 email"]
[Site "IECG email"]
[Date "2003.12.20"]
[Round "?"]
[White "Gralke, Wolfgang"]
[Black "Holmberg, Per Arne"]
[Result "1/2-1/2"]
[WhiteElo "1801"]
[BlackElo "1673"]
[PlyCount "70"]
[EventDate "2003.12.20"]
[EventType "tourn (corr)"]
[EventRounds "14"]
[SourceTitle "Corr 2008"]
[Source "ChessBase"]
[SourceDate "2008.06.24"]
[SourceVersion "1"]
[SourceVersionDate "2008.06.24"]
[SourceQuality "1"]

1. e4 e5 2. Nf3 Nc6 3. Bb5 a6 4. Ba4 Nf6 5. 0-0 Be7 6. Re1 b5 7. Bb3 d6 8. c3 0-0 9. h3 Re8 10. d4 Bb7 11. Nbd2 Rc8 12. a4 Qd7 13. axb5 axb5 14. d5 Nb8 15. Qe2 Na6 16. Ra5 Nc5 17. Rxb5 Ba6 18. Bc4 Ncxe4 19. Nxe4 Nxe4 20. Ra5 Bxc4 21. Qxc4 Nf6 22. Ra7 h6 23. b4 Rb8 24. Rxc7 Qb5 25. Qxb5 Rxb5 26. c4 Rxb4 27. Ba3 Ra4 28. Rxe5 Rxa3 29. Rexe7 Rxe7 30. Rxe7 Rc3 31. Nd2 Rc1+ 32. Kh2 Rc2 33. Re2 Kf8 34. f4 Nd7 35. Kg3 Nb6 1/2-1/2

[Event "IECG WC.2003.F.00007 email"]
[Site "IECG email"]
[Date "2003.12.20"]
[Round "?"]
[White "Holmberg, Per Arne"]
[Black "Fernandez, Felix Eduardo"]
[Result "1/2-1/2"]
[WhiteElo "1673"]
[BlackElo "1779"]
[PlyCount "112"]
[EventDate "2003.12.20"]
[EventType "tourn (corr)"]
[EventRounds "14"]
[SourceTitle "Corr 2008"]
[Source "ChessBase"]
[SourceDate "2008.06.24"]
[SourceVersion "1"]
[SourceVersionDate "2008.06.24"]
[SourceQuality "1"]

1. e4 c5 2. Nc3 Nc6 3. Nge2 g6 4. d4 cxd4 5. Nxd4 Bg7 6. Nb3 Nf6 7. Be2 0-0 8. Be3 d6 9. 0-0 Be6 10. Nd4 Bd7 11. f4 a6 12. a3 Qc7 13. Qd3 Rac8 14. Rae1 Na5 15. h3 Nc4 16. Qxc4 Qxc4 17. Bxc4 Rxc4 18. e5 dxe5 19. fxe5 Nh5 20. Nd5 Bxe5 21. Nxe7+ Kg7 22. c3 f6 23. Nd5 Re8 24. Nb6 Rc7 25. Rf3 Bc6 26. Nxc6 Rxc6 27. g4 Nf4 28. Rd1 Re7 29. Rd7 Rxd7 30. Nxd7 Nd3 31. Bh6+ Kxh6 32. Rxd3 Bc7 33. Kg2 Kg7 34. h4 Kf7 35. g5 fxg5 36. hxg5 Rd6 37. Nc5 Rxd3 38. Nxd3 Bd8 39. Nc5 Bxg5 40. Kf3 Bc1 41. Nd3 Bd2 42. Nc5 b6 43. Nxa6 Bc1 44. b4 Bxa3 45. Nc7 Bb2 46. c4 Be5 47. Na8 Bd4 48. Nc7 h5 49. Kf4 Bf6 50. Nd5 Be7 51. Nxb6 Bxb4 52. Nd5 Bc5 53. Ke4 g5 54. Kf5 h4 55. Nf4 Be3 56. Nh3 Bd2 1/2-1/2